Municipios españoles más poblados que comienzan con L - Estadísticas

Estadísticas generales
  • Esta prueba ha sido intentada 659 veces
  • La puntuación promedio es 9 de 20
Estadísticas de respuestas
Población Municipio Comunidad % Correcto
380.863 Las Palmas de Gran Canaria Canarias
93%
142.990 Lleida Cataluña
93%
150.206 Logroño La Rioja
93%
98.189 Lugo Galicia
91%
121.763 León Castilla y León
89%
190.974 Leganés Com. de Madrid
84%
97.904 Lorca Murcia
71%
276.617 L'Hospitalet de Llobregat Cataluña
64%
98.621 Las Rozas de Madrid Com. de Madrid
45%
55.130 Linares Andalucía
45%
37.988 Langreo Asturias
34%
64.739 La Línea de la Concepción Andalucía
29%
42.856 Lucena Andalucía
29%
41.159 Lloret de Mar Cataluña
18%
39.156 Llucmajor Baleares
18%
42.667 La Orotava Canarias
13%
38.700 Los Palacios y Villafranca Andalucía
11%
37.543 Los Realejos Canarias
8%
40.176 La Rinconada Andalucía
7%
36.098 La Vila Joiosa Com. Valenciana
4%
No se encontraron pruebas coincidentes
Distribución de puntuación
Porcentaje de gente con cada puntuación
Porcentaje por número respondido
Historial de tus puntuaciones
No has intentado esta prueba.